000 00550nam a22001577a 4500
003 NUST
082 _a200
100 _aSundas, Mhwish
_9109141
245 _aAutonomic Software Product Line Engineering and Reusability in the context of Smart Learning Environment/
_cMhwish Sundas,
264 _aIslamabad :
_bSEECS, NUST,
_c2023.
300 _a116 p. ;
_c30 cm.
650 _aMS-Information Technology
_926924
700 _aSupervisor: Dr. Arham Muslim
_9104694
856 _uhttp://10.250.8.41:8080/xmlui/handle/123456789/32275
942 _2ddc
_cSC
999 _c593320
_d593320